La joven ante la vida / (Record no. 184681)

MARC details
000 -LEADER
campo de control de longitud fija 00799nam a2200241 i 4500
001 - NÚMERO DE CONTROL
campo de control 184681
003 - IDENTIFICADOR DE NÚMERO DE CONTROL
campo de control ES-MaACL
005 - FECHA Y HORA DE LA ÚLTIMA TRANSACCIÓN
campo de control 20250828090949.0
007 - CAMPO FIJO DE DESCRIPCIÓN FÍSICA--INFORMACIÓN GENERAL
campo de control de longitud fija t|
008 - DATOS DE LONGITUD FIJA--INFORMACIÓN GENERAL
campo de control de longitud fija 151113s1944 sp ||||1| spa d
080 ## - NÚMERO DE LA CLASIFICACIÓN DECIMAL UNIVERSAL
Número de la Clasificación Decimal Universal 241:396
100 1# - ENTRADA PRINCIPAL--NOMBRE DE PERSONA
Nombre de persona Vilahur, María Rosa.
9 (RLIN) 114764
245 13 - MENCIÓN DEL TÍTULO
Título La joven ante la vida /
Mención de responsabilidad, etc. María Rosa Vilahur.
260 ## - PUBLICACIÓN, DISTRIBUCIÓN, ETC.
Lugar de publicación, distribución, etc. Madrid :
Nombre del editor, distribuidor, etc. Sociedad de Educación Atenas,
Fecha de publicación, distribución, etc. [1944]
300 ## - DESCRIPCIÓN FÍSICA
Extensión 152 p. ;
Dimensiones 20 cm.
490 1# - MENCIÓN DE SERIE
Mención de serie Colección muchachas ;
Designación de volumen o secuencia 5
505 8# - NOTA DE CONTENIDO CON FORMATO
Nota de contenido con formato Contiene: La joven ante la naturaleza ; La joven ante sí misma ; La joven ante el amor
650 #7 - PUNTO DE ACCESO ADICIONAL DE MATERIA--TÉRMINO DE MATERIA
Término de materia o nombre geográfico como elemento de entrada Moral cristiana
Fuente del encabezamiento o término embne
9 (RLIN) 142371
710 2# - ENTRADA AGREGADA--NOMBRE DE ENTIDAD CORPORATIVA
Nombre de entidad corporativa o nombre de jurisdicción como elemento de entrada Sociedad de Educación Atenas
9 (RLIN) 6665
830 1# - PUNTO DE ACCESO ADICIONAL DE SERIE-TÍTULO UNIFORME
Título uniforme Colección muchachas ;
Designación de volumen o secuencia 5
9 (RLIN) 192222
852 ## - LOCALIZACIÓN
Ubicación ES-MaACL
Número de control de estantería E-3619
Holdings
Estatus retirado Estado de pérdida Estado de daño No para préstamo Biblioteca de origen Biblioteca actual Ubicación en estantería Fecha de adquisición Fuente de adquisición Total de préstamos Signatura topográfica completa Código de barras Visto por última vez Precio de reemplazo Tipo de ítem Koha
        Biblioteca del Ateneo de Madrid Biblioteca del Ateneo de Madrid Depósito 2 13/11/2015     E-3619 1194450 23/02/2023 23/02/2023 Libro impreso